[Event "EU-ch U10 27th"]
[Site "Mamaia"]
[Date "2017.09.06"]
[Round "2"]
[White "Candian, Lorenzo"]
[Black "Paraschiv, Alexandru Stefan"]
[Result "1-0"]
[WhiteElo "1375"]
[BlackElo "1157"]
[PlyCount "49"]
[EventDate "2017.09.05"]
[EventType "swiss"]
[EventRounds "9"]
[EventCountry "ROU"]
[SourceTitle "CBM 180 Extra"]
[Source "ChessBase"]
[SourceDate "2017.10.06"]
[SourceVersion "1"]
[SourceVersionDate "2017.10.06"]
[SourceQuality "1"]

1. d4 Nf6 2. Nf3 g6 3. c4 Bg7 4. g3 0-0 5. Bg2 d6 6. 0-0 Nbd7 7. Nc3 e5 8. e3 a5 9. b3 b6 10. Nxe5 Ra6 11. Nf3 Ne8 12. Bb2 f5 13. Rc1 Nef6 14. Re1 Bb7 15. Ng5 Qc8 16. Ne6 Re8 17. Nxg7 Kxg7 18. d5 Nc5 19. e4 Kg8 20. Qd4 Ncd7 21. f4 Ra8 22. e5 Nh5 23. e6 Nc5 24. Ne4 Qd8 25. Qh8# 1-0

[Event "ROM-ch U10"]
[Site "Baile Felix"]
[Date "2017.02.05"]
[Round "4"]
[White "Pataki, Dragos Ioan"]
[Black "Paraschiv, Alexandru Stefan"]
[Result "1-0"]
[WhiteElo "1061"]
[BlackElo "1228"]
[PlyCount "131"]
[EventDate "2017.02.02"]
[EventType "swiss"]
[EventRounds "9"]
[EventCountry "ROU"]
[SourceTitle "CBM 176 Extra"]
[Source "ChessBase"]
[SourceDate "2017.03.02"]
[SourceVersion "1"]
[SourceVersionDate "2017.03.02"]
[SourceQuality "1"]

1. e4 c5 2. c4 Nc6 3. Nc3 g6 4. g3 Bg7 5. Bg2 e6 6. Nge2 Nge7 7. 0-0 0-0 8. d3 d6 9. f4 Nd4 10. Be3 a6 11. a4 b6 12. e5 Rb8 13. Nxd4 cxd4 14. Bxd4 Bb7 15. Bxb7 Rxb7 16. Qf3 Qd7 17. Ne4 Nf5 18. Bc3 dxe5 19. Bxe5 Nd4 20. Qf2 Nf5 21. Bxg7 Kxg7 22. Qd2 Rd8 23. Qc3+ Qd4+ 24. Qxd4+ Rxd4 25. Rf3 Nd6 26. Nxd6 Rxd6 27. h3 b5 28. axb5 axb5 29. c5 Rc6 30. d4 Rd7 31. Rd1 f6 32. b4 e5 33. d5 Rc8 34. d6 exf4 35. Rxf4 Rc6 36. Re1 Kf7 37. Rfe4 h5 38. Re7+ Rxe7 39. Rxe7+ Kf8 40. Ra7 Rc8 41. d7 Rd8 42. c6 Ke7 43. Rc7 Ra8 44. Rc8 Ra1+ 45. Kf2 Ra2+ 46. Ke3 Ra3+ 47. Kd4 Ke6 48. d8Q Ra7 49. Qd5+ Ke7 50. Qd7+ Rxd7+ 51. cxd7 Kxd7 52. Rg8 g5 53. Rg6 Ke6 54. Ke4 Kf7 55. Kf5 Ke7 56. Rxf6 Kd7 57. Kxg5 Ke7 58. h4 Kd7 59. Kxh5 Ke7 60. Kg5 Kd7 61. h5 Ke7 62. h6 Kd7 63. h7 Ke7 64. h8Q Kd7 65. Qh7+ Kd8 66. Rf8# 1-0

[Event "ROM-ch U10"]
[Site "Baile Felix"]
[Date "2017.02.04"]
[Round "3"]
[White "Paraschiv, Alexandru Stefan"]
[Black "Ruse, Vlad Marian"]
[Result "1/2-1/2"]
[WhiteElo "1228"]
[BlackElo "1083"]
[PlyCount "98"]
[EventDate "2017.02.02"]
[EventType "swiss"]
[EventRounds "9"]
[EventCountry "ROU"]
[SourceTitle "CBM 176 Extra"]
[Source "ChessBase"]
[SourceDate "2017.03.02"]
[SourceVersion "1"]
[SourceVersionDate "2017.03.02"]
[SourceQuality "1"]

1. d4 d5 2. c4 e6 3. Nc3 Nf6 4. cxd5 exd5 5. Bg5 Be7 6. e3 c5 7. Nf3 Nc6 8. Be2 cxd4 9. exd4 h6 10. Bh4 0-0 11. 0-0 a6 12. Re1 Be6 13. Bd3 Re8 14. a3 Bg4 15. Bc2 Bxf3 16. gxf3 Qb6 17. Bxf6 Bxf6 18. Nxd5 Qxd4 19. Nc3 Qc4 20. Qd5 Qxd5 21. Nxd5 Bxb2 22. Rab1 Bxa3 23. Rxe8+ Rxe8 24. Rxb7 a5 25. Ba4 Rc8 26. Rb3 Bb4 27. Bxc6 Rxc6 28. Nxb4 axb4 29. Rxb4 Kh7 30. Rf4 f6 31. Kg2 g5 32. Rf5 Kg6 33. Rd5 Rc4 34. Rd8 Kf5 35. Rh8 Kg6 36. Rd8 h5 37. Rg8+ Kf5 38. Rh8 h4 39. Rd8 Ke5 40. Re8+ Kf4 41. Rf8 f5 42. Kh3 Rc3 43. Kg2 Rxf3 44. Rxf5+ Kxf5 45. Kxf3 g4+ 46. Kg2 Kf4 47. h3 gxh3+ 48. Kxh3 Kf3 49. Kxh4 Kxf2 1/2-1/2

[Event "ROM-ch U10"]
[Site "Calimanesti Caciulata"]
[Date "2016.04.21"]
[Round "4"]
[White "Oltean, Cristian Daniel"]
[Black "Paraschiv, Alexandru Stefan"]
[Result "0-1"]
[WhiteElo "1110"]
[BlackElo "1341"]
[PlyCount "70"]
[EventDate "2016.04.18"]
[EventType "swiss"]
[EventRounds "9"]
[EventCountry "ROU"]
[SourceTitle "CBM 172 Extra"]
[Source "ChessBase"]
[SourceDate "2016.06.21"]
[SourceVersion "1"]
[SourceVersionDate "2016.06.21"]
[SourceQuality "1"]

1. e4 c5 2. c4 e6 3. Nc3 Nc6 4. Nf3 d6 5. Be2 Nf6 6. d3 Be7 7. 0-0 0-0 8. Bg5 b6 9. Qc2 Bb7 10. a3 Nd4 11. Nxd4 cxd4 12. Nb5 e5 13. f4 a6 14. fxe5 dxe5 15. Bxf6 Bxf6 16. Nc3 dxc3 17. Qxc3 Qd4+ 18. Qxd4 exd4 19. Rf3 Bc8 20. Bd1 Be5 21. Rf2 g6 22. Rc1 h5 23. c5 b5 24. c6 Bg4 25. Bxg4 hxg4 26. Rfc2 Rac8 27. Rc5 Bd6 28. Rd5 Bc7 29. Kf1 Rfd8 30. Rd7 Bxh2 31. Rc2 Rxd7 32. cxd7 Rd8 33. e5 Rxd7 34. e6 Rd8 35. Kf2 Bd6 0-1

[Event "ROM-ch U08"]
[Site "Calimanesti"]
[Date "2015.04.02"]
[Round "5"]
[White "Paraschiv, Alexandru Stefan"]
[Black "Derevenciuc, Dragos Cristian"]
[Result "1-0"]
[WhiteElo "1001"]
[BlackElo "1001"]
[PlyCount "34"]
[EventDate "2015.03.30"]
[EventType "swiss"]
[EventRounds "9"]
[EventCountry "ROU"]
[SourceTitle "CBM 165 Extra"]
[Source "ChessBase"]
[SourceDate "2015.04.21"]
[SourceVersion "1"]
[SourceVersionDate "2015.04.21"]
[SourceQuality "1"]

1. d4 Nc6 2. Nf3 f6 3. e4 e5 4. dxe5 fxe5 5. Bc4 Bb4+ 6. Nfd2 Bxd2+ 7. Bxd2 d6 8. 0-0 Bd7 9. Nc3 Qc8 10. Qf3 Nf6 11. Nd5 Nxd5 12. exd5 Bg4 13. Qg3 Be2 14. Bxe2 Nd4 15. Bh5+ g6 16. Bg4 Nf5 17. Qa3 0-0 1-0